| 000 | 01014nam a2200217Ii 4500 | ||
|---|---|---|---|
| 003 | JO-AjNU | ||
| 008 | 230605s9999||||xx |||||||||||||| ||und|| | ||
| 017 | _a1999/5/686 | ||
| 040 |
_aJO-AjNU _bara _erda _cJO-AjNU |
||
| 041 | _aara | ||
| 050 | 1 | 4 | _aBP135 1999 |
| 100 | 3 |
_aالأزدي، إسماعيل بن إسحاق ؛ بقلم: أسعد سالم تيم, _eauthor _956367 |
|
| 245 | 0 | 0 | _aبيان أوهام الألباني في تحقيقه لكتاب فضل الصلاة على النبي صلى الله عليه وسلم ويليه تخريج حديث أوس الثقفي |
| 250 | _aط1 | ||
| 264 | 3 | 1 | _aعمان: دار الرازي للطباعة والنشر والتوزيع ، 1999 |
| 300 | _aاوهام الالباني 63ص ؛ تخريج حديث اوس71ص | ||
| 336 |
_atext _btxt _2rdacontent |
||
| 337 |
_aunmediated _bn _2rdamedia |
||
| 338 |
_avolume _bnc _2rdacarrier |
||
| 650 | 4 |
_aالصلاة على النبي صلى الله عليه وسلم- الحديث- دفع مطاعن _956368 |
|
| 999 |
_aA25196 _c28764 _d28764 |
||